[Event "Amazons Pride Blitz"]
[Site "Chess.com INT"]
[Date "2021.10.23"]
[Round "3"]
[White "Mamedjarova, Turkan"]
[Black "Zhevna, Yulia"]
[Result "1-0"]
[WhiteElo "2264"]
[BlackElo "1947"]
[PlyCount "65"]
[EventDate "2021.10.23"]
[EventType "swiss (blitz)"]
[EventRounds "9"]
[EventCountry "USA"]
[SourceTitle "CBM 204 Extra"]
[Source "ChessBase"]
[SourceDate "2021.11.30"]
[SourceVersion "1"]
[SourceVersionDate "2021.11.30"]
[SourceQuality "1"]

1. d4 d5 2. c4 e6 3. Nc3 Nf6 4. Nf3 c6 5. e3 Nbd7 6. Qc2 Bd6 7. Bd3 0-0 8. 0-0 e5 9. dxe5 Nxe5 10. Nxe5 Bxe5 11. h3 Be6 12. Rd1 Qe7 13. b3 dxc4 14. bxc4 b5 15. cxb5 cxb5 16. Bb2 b4 17. Ne4 Rfc8 18. Nxf6+ Qxf6 19. Bxh7+ Kh8 20. Bxe5 Rxc2 21. Bxf6 Rxa2 22. Be4 Rc8 23. Be5 a5 24. Rac1 Re8 25. Bb1 Ra3 26. Rd4 b3 27. Rh4+ Kg8 28. Bh7+ Kh8 29. Bf5+ Kg8 30. Bxe6 fxe6 31. Rc7 b2 32. Rxg7+ Kf8 33. Rh8# 1-0

[Event "Amazons Pride Blitz"]
[Site "Chess.com INT"]
[Date "2021.10.23"]
[Round "5"]
[White "Zhevna, Yulia"]
[Black "Pujari, Rucha"]
[Result "0-1"]
[WhiteElo "1947"]
[BlackElo "2244"]
[PlyCount "54"]
[EventDate "2021.10.23"]
[EventType "swiss (blitz)"]
[EventRounds "9"]
[EventCountry "USA"]
[SourceTitle "CBM 204 Extra"]
[Source "ChessBase"]
[SourceDate "2021.11.30"]
[SourceVersion "1"]
[SourceVersionDate "2021.11.30"]
[SourceQuality "1"]

1. c4 e6 2. e4 d5 3. cxd5 exd5 4. e5 d4 5. Nf3 c5 6. Bc4 Nc6 7. 0-0 Bg4 8. h3 Bh5 9. e6 Qf6 10. exf7+ Bxf7 11. Re1+ Be7 12. d3 Bxc4 13. Bg5 Qf7 14. dxc4 0-0-0 15. Nbd2 h6 16. Bf4 Qxf4 17. Ne4 Nf6 18. g3 Qc7 19. Ned2 Rhe8 20. a3 Bd6 21. Qc2 Ne5 22. Nh2 Kb8 23. Rac1 Nc6 24. Red1 Bxg3 25. fxg3 Qxg3+ 26. Kh1 Re2 27. Ndf1 Qg2# 0-1